| 000 | 00445nam a2200157Ia 4500 | ||
|---|---|---|---|
| 008 | 151213s9999 xx 000 0 und d | ||
| 100 | _aStephen Pople & Peter Whitehead | ||
| 245 |
_aCoordinated Science _cStephen Pople & Peter Whitehead |
||
| 250 | _a2nd | ||
| 260 |
_aNew York _bOxford University Press _c1996 |
||
| 300 | _a3209 p. | ||
| 650 | _aPhysics | ||
| 650 | _aScience | ||
| 700 | _aStephen Pople & Peter Whitehead | ||
| 999 |
_c2214 _d2214 |
||